| 000 | 00653nam a2200241Ia 4500 | ||
|---|---|---|---|
| 008 | 160819s9999 xx 000 0 und d | ||
| 020 | _a978-1-84597-476-3 | ||
| 050 | _aCUL TX 731 | ||
| 050 | _b.M37 2007 | ||
| 100 | _aMarson, Caroline. | ||
| 245 | _aParty food for kids / | ||
| 245 | _cCaroline Marson; photography by Polly Wreford; styled by Rose Hammrick. | ||
| 260 | _aLondon : | ||
| 260 | _bRyland Peters & Small, | ||
| 260 | _c2007 | ||
| 300 | _a64 pages : | ||
| 300 | _bcolor illustrations ; | ||
| 300 | _c20 cm. | ||
| 500 | _aIncludes index. | ||
| 650 | _aChildren's parties. | ||
| 650 | _aEntertaining. | ||
| 650 | _xCooking. | ||
| 999 |
_c300671 _d300671 |
||